000 00542nam a2200181 i 4500
001 45428
003 ES-MaACL
005 20230906161221.0
007 t|
008 030326s1966 sp ||||1| spa d
100 1 _aCoffin, Tristam.
_939471
245 1 3 _aLa sociedad armada /
_cTristam Coffin ; [traducción de José María García Martínez].
250 _a[1ª ed.].
260 _aMadrid :
_bCid,
_c[1966]
300 _aXV, 309 p. ;
_c20 cm.
700 1 _aGarcía Martínez, José María.
_954914
852 _aES-MaACL
_jC-31118
_bR.70165
999 _c45428
_d45428